Capital to flag maps - Oceania - Statistics

General Stats
  • This quiz has been taken 5 times
  • The average score is 17 of 30
Answer Stats
Picture Answer % Correct
Apia
100%
Canberra
100%
Port Moresby
100%
Port Vila
100%
Yaren
100%
Hagåtña
80%
Honiara
80%
Ngerulmud
80%
Nouméa
80%
Papeete
80%
Suva
80%
Wellington
80%
Flying Fish Cove/The Settlement
60%
Funafuti
60%
Kingston
60%
Nuku'alofa
60%
Pago Pago
60%
Palikir
60%
Tarawa
60%
Adamstown
40%
Majuro
40%
Saipan
40%
Alofi
20%
Avarua
20%
Mata Utu
20%
West Island
20%
Atafu (unofficial)
0%
Hanga Roa
0%
Puerto Baquerizo Moreno
0%
San Juan Bautista
0%
No matching quizzes found
Score Distribution
Percent of People with Each Score
Percentile by Number Answered
Your Score History
You have not taken this quiz